00762nam a2200217Ia 4500008004100000020002200041050002000063100002500083245005600108250001100164260003200175300001800207337001000225338001400235500012800249500002200377650002300399650002700422700003900449700005600488121028s20072013mx a f 000 0 spa d a978-968-24-8104-8 aGT2948 G55 2007 aGINDER, Jamesdautor aArreglo artístico de servilletasc/ James Ginders a2a ed. aMéxicob: Trillasc, 2007 a111 páginas atexto asin medio aPlan Flexible / Lic. Gastronomía / / 14 004113 (engargolago) Plan Flexible / Lic. Gastronomía / / 14 005805, 14 005806  aIncluye Contenido10aDECORACIÓN MESAS20aDOBLADO DE SERVILLETAS aLevesque Dion, Helénectraductor aBarea de Acerenza, Cecilia E.crevisión técnica